Los pasos contandos (Record no. 18817)

MARC details
000 -LEADER
campo de control de longitud fija 00747nam a22002417i 4500
001 - NÚMERO DE CONTROL
campo de control 18817
003 - IDENTIFICADOR DE NÚMERO DE CONTROL
campo de control ES-MaACL
007 - CAMPO FIJO DE DESCRIPCIÓN FÍSICA--INFORMACIÓN GENERAL
campo de control de longitud fija t|
008 - DATOS DE LONGITUD FIJA--INFORMACIÓN GENERAL
campo de control de longitud fija 020318s2000 sp ||||0| spa j
020 ## - NÚMERO INTERNACIONAL ESTÁNDAR DEL LIBRO
Número Internacional Estándar del Libro 84-08-03618-1
040 ## - FUENTE DE CATALOGACIÓN
Centro catalogador/agencia de origen M-BN
Lengua de catalogación spa
Centro/agencia transcriptor M-BN
080 ## - NÚMERO DE LA CLASIFICACIÓN DECIMAL UNIVERSAL
Número de la Clasificación Decimal Universal 929 Vizcaíno Casas, Fernando
100 1# - ENTRADA PRINCIPAL--NOMBRE DE PERSONA
Nombre de persona Vizcaíno Casas, Fernando.
9 (RLIN) 115612
245 14 - MENCIÓN DEL TÍTULO
Título Los pasos contandos
Resto del título : Memorias I /
Mención de responsabilidad, etc. F. Vizcaíno Casas.
250 ## - MENCION DE EDICION
Mención de edición 1ª ed.
260 ## - PUBLICACIÓN, DISTRIBUCIÓN, ETC.
Lugar de publicación, distribución, etc. Barcelona :
Nombre del editor, distribuidor, etc. Planeta,
Fecha de publicación, distribución, etc. 2000.
300 ## - DESCRIPCIÓN FÍSICA
Extensión 282 p., [12] p. de lám. ;
Dimensiones 24 cm.
490 1# - MENCIÓN DE SERIE
Mención de serie Biblioteca F. Vizcaíno Casas
600 14 - PUNTO DE ACCESO ADICIONAL DE MATERIA--NOMBRE DE PERSONA
Nombre de persona Vizcaíno Casas, Fernando.
9 (RLIN) 115612
830 0# - PUNTO DE ACCESO ADICIONAL DE SERIE-TÍTULO UNIFORME
Título uniforme Biblioteca F. Vizcaíno Casas
9 (RLIN) 228833
852 ## - LOCALIZACIÓN
Ubicación ES-MaACL
Número de control de estantería G-1932
Sublocalización o colección R.131466
Holdings
Estatus retirado Estado de pérdida Estado de daño No para préstamo Biblioteca de origen Biblioteca actual Ubicación en estantería Fecha de adquisición Fuente de adquisición Total de préstamos Signatura topográfica completa Código de barras Visto por última vez Precio de reemplazo Tipo de ítem Koha
        Biblioteca del Ateneo de Madrid Biblioteca del Ateneo de Madrid Depósito 2 17/01/2008     G-1932 1019254 23/02/2023 23/02/2023 Libro impreso